000 00304nam a2200109Ia 4500
008 171211s9999 xx 000 0 und d
245 _aLearning PHP, MySQL, & JavaScript
245 _cRobin Nixon
260 _c2009
650 _xWeb Development
856 _uhttp://down.ebook777.com/014/9780596157135.pdf
999 _c350066
_d350066